000 00557nam a2200229Ia 4500
003 OSt
005 20220924142226.0
006 a|||||r|||| 00| 0
007 ta
008 220923b |||||||| |||| 00| 0 ben d
024 _a300924
037 _cTextual
040 _aARTS
_cARTS
_bben
041 _2ben
_aben
082 _aV2623L.N, 157M7
100 _aRoychoudhuri
245 0 _aLabanharader itikatha
260 _c1987
650 _aHISTORY
942 _hV2623L.N, 157M7
_cTEXL
_2CC
999 _c449799
_d449799